Vikings Characters - Statistics

General Stats
  • This quiz has been taken 212 times
  • The average score is 18 of 48
Answer Stats
Hint Answer % Correct
Main Character Ragnar Lothbrok
98%
Boatbuilder Floki
94%
Son #1 Ironside Bjorn
93%
Son #5 Boneless Ivar
91%
Brother of the Main Character Rollo
87%
Most Famous Shield Maiden Lagertha
84%
Priest that turned Viking Athelstan
79%
Son #2 Explorer Ubbe
78%
Son #4 Snake in the Eye Sigurd
74%
Son #3 the Drunk Hvitserk
68%
King of all Norway King Harald
64%
2nd lover of the main character and mother of son #2, #3, #4 and #5 Queen Aslaug
62%
Wife of the boatbuilder Helga
51%
King of Wessex King Ecbert
50%
Wife of the former Earl of Kattegat Siggy
49%
The ancient one that knows and sees all The Seer
49%
Son of the viking priest and now King of Wessex King Alfred
45%
Son #6 Christian Magnus
43%
(Ex) Lover and mother of both son #1 and #2 Torvi
43%
Brother of the king of Norway explored the world with son #1 Halfdan
39%
Former king of Kattegat and sailed with main character to England King Horik
34%
Daughter of the king of Northumbria and mother of a future king Judith
32%
Son of the king of Wessex Aethelwulf
30%
Fomer Earl of Kattegat Earl Haraldson
28%
King of Northumbria King Aelle
27%
3rd Lover of the famous Shield Maiden who also is a female Astrid
26%
Wanted to become the king of Iceland Kjetill Flatnose
22%
Wife of Son #5 Freydis
21%
3rd wife of Son #1 Gunnhild
20%
Daughter of the Main Character Gyda
17%
English bishop that fled to Norway and the 4th lover of the Shield Maiden Bishop Heahmund
15%
Best friend of the main character Torstein
15%
Slave turned spouse for the sons #2, #3 and #4 Margrethe
14%
1st wife of son #1 ran away from Kattegat Porunn
14%
Prince of the Rus Prince Oleg
14%
Bodyguard of the King of all Norway also saved son #1 live Erik
13%
4th wife of son #1 also claimed to be a witch Ingrid
13%
The king who suggested the plan of 1 king in all Norway King Olaf
13%
Son of the former king of Kattegat Erlendur
12%
Successor of the king of Rus has a special relationship with son #5 Igor
12%
Turned on the main character after not being allowed to join him on the raid of England Jarl Borg
12%
2nd lover of the Shield Maiden but took het Earldomship Kalf
12%
Queen of Mercia and the mother of son #6 Queen Kwentrith
8%
Son of son #1 Hali
5%
Christian wanderer claimed to have seen a beautiful island Othere
5%
Brother of the prince of the Rus Prince Dir
5%
Princess of Paris Princess Gisla
3%
Chinese woman that had the special herbs for the main character Yidu
3%
No matching quizzes found
Score Distribution
Percent of People with Each Score
Percentile by Number Answered
Your Score History
You have not taken this quiz